| 000 | 00802nam a2200205 a 4500 | ||
|---|---|---|---|
| 003 | 0 | ||
| 005 | 20250424092422.0 | ||
| 008 | 050808s19uu xx 00 eng d | ||
| 050 |
_aPHS LB 3602 _b.D86 2005 |
||
| 100 | _aDunn, Justin S. | ||
| 245 |
_aPerceptions of students on the factors that influence school pride / _cJustin S. Dunn. |
||
| 260 |
_aLas PiƱas City, Philippines : _bSouthville International School and Colleges, _c2005. |
||
| 300 |
_a66 pages : _billustrations ; _c28 cm. |
||
| 504 | _aIncludes bibliographical references. | ||
| 650 |
_aSchool spirit _zPhilippines. |
||
| 650 |
_2Library of Congress Subject Headings _aSchool identity _zPhilippines. |
||
| 650 |
_2Library of Congress Subject Headings _aEducational environment _xSocial aspects. |
||
| 942 |
_2lcc _cPASS |
||
| 999 |
_c97219 _d97219 |
||